| 000 | 00379nam a22001337a 4500 | ||
|---|---|---|---|
| 999 |
_c533730 _d533730 |
||
| 020 | _a9332551812 | ||
| 040 | _cMSOHAIL | ||
| 082 |
_a551.5 _bLUT |
||
| 100 |
_a Frederick K Lutgens ; Edward J Tarbuck _927693 |
||
| 245 | _aThe Atmosphere : An Introduction to Meteorology | ||
| 260 |
_aIndia _bDorling Kindesley Pearson Education; _cc2015 |
||
| 300 | _a562'pxv | ||
| 942 |
_2ddc _cBK |
||